Drapeaux simplifiés - Statistiques

Statistiques générales
  • Ce quiz a été pris 148 fois
  • Le résultat moyen est 9 sur 12
Statistiques - réponses
Par images Réponse % Correct
Pakistan
94%
Azerbaïdjan
91%
Algérie
88%
Monténégro
88%
Libye
77%
Cambodge
76%
Laos
76%
Angola
73%
Suriname
73%
Guatemala
70%
Eswatini
68%
Bélize
55%
Aucun quiz correspondant
Distribution des résultats
% des personnes avec chaque résultat
Percentile par nombre de réponses
Votre historique - résultats
Vous n’avez pas pris ce quiz